000 00425nam a22001817a 4500
003 OSt
008 230414b |||||||| |||| 00| 0 eng d
020 _a9789389552386
082 _a796.069 BET
100 _aBEECH, John
245 _aThe Business of Sport Management
250 _a2nd Ed
260 _aUP
_bPearson
_c2020
300 _a592
650 _aDecentralization
700 _aCHADWICK,Simon
942 _2ddc
_cREF
999 _c11969
_d11969